[Event "ch-USA 2024"]
[Site "Saint Louis USA"]
[Date "2024.10.21"]
[Round "9.2"]
[White "Robson, R."]
[Black "So, W."]
[Result "1/2-1/2"]
[WhiteElo "2693"]
[BlackElo "2751"]
[PlyCount "188"]
[EventDate "2024.10.11"]

1. d4 d5 2. c4 e6 3. Nc3 c5 4. cxd5 exd5 5. Nf3 Nc6 6. g3 Nf6 7. Bg2 cxd4 8. Nxd4 Bc5 9. Nb3 Bb6 10. O-O d4 11. Na4 O-O 12. Bg5 h6 13. Bxf6 Qxf6 14. Nxb6 axb6 15. Bxc6 bxc6 16. Qxd4 Rd8 17. Qxf6 gxf6 18. Rfc1 Be6 19. Kf1 Ra4 20. Ke1 Rda8 21. Rc3 Rxa2 22. Rxa2 Rxa2 23. Nc1 Rxb2 24. Rxc6 b5 25. Nd3 Ra2 $146 ({RR} 25... Rb1+ 26. Rc1 Rxc1+ 27. Nxc1 Bc4 28. Kd2 f5 29. Nd3 Kg7 30. Kc3 Kf6 31. Kd4 Ke6 32. Nf4+ Kd6 33. h4 Ba2 34. e3 Bc4 35. Nh5 Ke6 36. Ng7+ Kf6 37. Ne8+ Ke7 38. Nc7 Kd6 39. Ne8+ Ke7 40. Nc7 {So,W (2747)-Firouzja,A (2763) New York USA 2024 ½-½ (55)}) ({RR} 25... Rb1+ 26. Rc1 Rxc1+ 27. Nxc1 Bc4 28. Kd2 f5 29. Nd3 Kg7 30. Kc3 Kf6 31. Kd4 Ke6 32. Nf4+ Kd6 33. h4 Ba2 34. e3 Bc4 35. Nh5 Ke6 36. Ng7+ Kf6 37. Ne8+ Ke7 38. Nc7 Kd6 39. Ne8+ Ke7 40. Nc7 {So,W (2747)-Firouzja,A (2763) New York USA 2024 ½-½ (55)}) 26. Rb6 Bc4 27. Rxf6 b4 28. Nxb4 Rxe2+ 29. Kd1 Re4 30. Kd2 Kg7 31. Rf3 Be2 32. Rb3 Bf1 33. Rb2 h5 34. h4 f5 35. Nc2 f4 36. Rb4 Re2+ 37. Kd1 Rxf2 38. Rxf4 Rxf4 39. gxf4 Kf6 40. Ne3 Ba6 41. Kd2 Bb7 42. Ke2 Ba6+ 43. Kf2 Ke6 44. Kg3 Bd3 45. Kf3 Kd6 46. Nd1 Ke6 47. Nf2 Bb5 48. Nd1 Bd3 49. Nc3 Kf5 50. Kg3 Bc4 51. Nb1 Bd3 52. Nd2 Be2 53. Nb3 Ke4 54. Nd2+ Kf5 55. Nf3 Ba6 56. Nd4+ Ke4 57. Ne6 Bc4 58. Nf8 Bd5 59. Ng6 Bf7 60. Ne5 Bd5 61. Nf3 Bb7 62. Nd2+ Kf5 63. Nc4 Bc6 64. Ne3+ Ke4 65. Nc2 Bb7 66. Ne1 Kf5 67. Nd3 Be4 68. Nf2 Bc6 69. Nh3 Bb7 70. Ng5 Bd5 71. Nf3 Ke4 72. Nd2+ Kf5 73. Nb1 Be4 74. Nc3 Bc6 75. Ne2 Ke4 76. f5 Be8 77. f6 Ke5 78. Ng1 Kxf6 79. Kf4 Bc6 80. Ne2 Be8 81. Ng3 Bg6 82. Ne4+ Bxe4 83. Kxe4 Ke6 84. Kf4 Kf6 85. Ke4 Ke6 86. Kf4 Kf7 87. Kg5 Ke6 88. Kxh5 Kf5 89. Kh6 Kf6 90. h5 Kf7 91. Kh7 Kf8 92. h6 Kf7 93. Kh8 Kf8 94. h7 Kf7 1/2-1/2

[Event "24th ch-EUR Indiv 2024"]
[Site "Petrovac MNE"]
[Date "2024.11.16"]
[Round "8.1"]
[White "Indjic, A."]
[Black "Deac, Bogdan-Daniel"]
[Result "1/2-1/2"]
[WhiteElo "2623"]
[BlackElo "2687"]
[PlyCount "43"]
[EventDate "2024.11.08"]

1. Nf3 d5 2. e3 Nf6 3. c4 e6 4. Nc3 Bd6 5. b3 c5 6. Bb2 Nc6 7. cxd5 exd5 8. d4 O-O 9. Be2 cxd4 10. Nxd4 Nxd4 11. Qxd4 Re8 12. O-O Be5 13. Qd2 Bf5 ({RR} 13... d4 14. exd4 Qxd4 15. Qxd4 Bxd4 16. Bf3 Be6 17. Rad1 Bxc3 18. Bxc3 Rac8 19. Bd4 b6 20. Rd2 Bf5 21. Be3 Be4 22. Bxe4 Rxe4 23. Rfd1 Kf8 24. h3 Re6 25. Rd4 h6 26. Ra4 Re7 27. Rdd4 Ke8 28. g4 {Vitiugov,N (2709)-Wojtaszek,R (2749) Shenzhen 2018 1-0 (34)}) ({RR} 13... Be6 14. Rfd1 Rc8 15. Rac1 Qa5 16. Bd3 Ne4 17. Nxe4 Qxd2 18. Nxd2 Bxb2 19. Rxc8 Rxc8 20. Nf3 Bg4 21. Be2 Rc2 22. Rxd5 Bf6 23. h3 Bxh3 24. gxh3 Rxe2 25. a4 Rb2 26. Rb5 b6 27. a5 Bd8 28. Rd5 {Rozum,I (2444)-Goltseva,E (2364) Odintsovo RUS 2026 ½-½}) ({RR} 13... d4 14. exd4 Qxd4 15. Qxd4 Bxd4 16. Bf3 Be6 17. Rad1 Bxc3 18. Bxc3 Rac8 19. Bd4 b6 20. Rd2 Bf5 21. Be3 Be4 22. Bxe4 Rxe4 23. Rfd1 Kf8 24. h3 Re6 25. Rd4 h6 26. Ra4 Re7 27. Rdd4 Ke8 28. g4 {Vitiugov,N (2709)-Wojtaszek,R (2749) Shenzhen 2018 1-0 (34)}) ({RR} 13... Be6 14. Rfd1 Rc8 15. Rac1 Qa5 16. Bd3 Ne4 17. Nxe4 Qxd2 18. Nxd2 Bxb2 19. Rxc8 Rxc8 20. Nf3 Bg4 21. Be2 Rc2 22. Rxd5 Bf6 23. h3 Bxh3 24. gxh3 Rxe2 25. a4 Rb2 26. Rb5 b6 27. a5 Bd8 28. Rd5 {Rozum,I (2444)-Goltseva,E (2364) Odintsovo RUS 2026 ½-½}) 14. Rfd1 Rc8 ({RR} 14... Qa5 15. Na4 Qxd2 16. Rxd2 Bxb2 17. Nxb2 Rac8 18. Bf3 Be4 19. Rad1 h6 20. Nd3 d4 21. exd4 Bxf3 22. gxf3 Nd5 23. Kf1 Kf8 24. Re1 Red8 25. Ne5 Rc3 26. h4 Nf4 27. Kg1 f6 28. Nc4 Ng6 29. h5 {Narayanan,S (2516)-Deac,B (2692) chess.com INT 2025 0-1 (62)}) ({RR} 14... Qa5 15. Na4 Qxd2 16. Rxd2 Bxb2 17. Nxb2 Rac8 18. Bf3 Be4 19. Rad1 h6 20. Nd3 d4 21. exd4 Bxf3 22. gxf3 Nd5 23. Kf1 Kf8 24. Re1 Red8 25. Ne5 Rc3 26. h4 Nf4 27. Kg1 f6 28. Nc4 Ng6 29. h5 {Narayanan,S (2516)-Deac,B (2692) chess.com INT 2025 0-1 (62)}) 15. Rac1 Qa5 $146 ({RR} 15... a6 16. h3 d4 17. exd4 Bb8 18. Bf1 Qd6 19. g3 h5 20. Qg5 Qd7 21. Kh2 Bg6 22. Bd3 Nh7 23. Qh4 Bxd3 24. Rxd3 Qf5 25. Ne4 Rxc1 26. Bxc1 Qxe4 27. Re3 Qxh4 {0-1 (27) Porter,R (2241)-Repka,C (2505) Redmond 2021}) ({RR} 15... a6 16. Bf3 Bg4 17. Bxg4 Nxg4 18. h3 Nf6 19. Nxd5 Nxd5 20. Rxc8 Qxc8 21. Bxe5 Rxe5 22. f4 Rxe3 23. Qxd5 Re8 24. Kh2 Qc7 25. Qd6 Qc2 26. Rd2 Qc3 27. Qe7 Qc8 28. Qd7 Qb8 29. Qd6 Qc8 30. Rd5 {Pyrih,R (2428)-Atanasov,A (2429) chess.com INT 2025 ½-½ (105)}) ({RR} 15... a6 16. h3 d4 17. exd4 Bb8 18. Bf1 Qd6 19. g3 h5 20. Qg5 Qd7 21. Kh2 Bg6 22. Bd3 Nh7 23. Qh4 Bxd3 24. Rxd3 Qf5 25. Ne4 Rxc1 26. Bxc1 Qxe4 27. Re3 Qxh4 {0-1 (27) Porter,R (2241)-Repka,C (2505) Redmond 2021}) ({RR} 15... a6 16. Bf3 Bg4 17. Bxg4 Nxg4 18. h3 Nf6 19. Nxd5 Nxd5 20. Rxc8 Qxc8 21. Bxe5 Rxe5 22. f4 Rxe3 23. Qxd5 Re8 24. Kh2 Qc7 25. Qd6 Qc2 26. Rd2 Qc3 27. Qe7 Qc8 28. Qd7 Qb8 29. Qd6 Qc8 30. Rd5 {Pyrih,R (2428)-Atanasov,A (2429) chess.com INT 2025 ½-½ (105)}) 16. Nxd5 Qxd5 17. Rxc8 Bxc8 18. Qxd5 Nxd5 19. Bxe5 Rxe5 20. f4 Rxe3 21. Rxd5 Kf8 22. Rd8+ 1/2-1/2

[Event "45th Olympiad 2024"]
[Site "Budapest HUN"]
[Date "2024.09.19"]
[Round "8.1"]
[White "Maghsoodloo, Parham"]
[Black "Gukesh, D."]
[Result "0-1"]
[WhiteElo "2723"]
[BlackElo "2764"]
[PlyCount "68"]
[EventDate "2024.09.11"]
[WhiteTeam "Iran"]
[BlackTeam "India"]
[WhiteTeamCountry "IRI"]
[BlackTeamCountry "IND"]

1. d4 d5 2. c4 e6 3. Nc3 c5 4. cxd5 exd5 5. Nf3 Nf6 6. g3 Nc6 7. Bg2 cxd4 8. Nxd4 Bc5 9. Nb3 Bb6 10. O-O d4 11. Na4 O-O 12. Re1 h6 ({RR} 12... Re8 13. Bd2 Bg4 14. h3 Bh5 15. Nbc5 Qe7 16. Nxb6 axb6 17. Nd3 Rad8 18. Nf4 Bg6 19. Rc1 Be4 20. Bf1 Nd5 21. Nd3 Qd7 22. Qb3 Re6 23. Nf4 Nxf4 24. Bxf4 Ne5 25. Bxe5 Rxe5 26. Qxb6 Bc6 27. Rc5 {Kozak,A (2434)-Lopusiewicz,P (2301) chess.com INT 2024 1-0 (56)}) ({RR} 12... Re8 13. Bd2 Bg4 14. h3 Bh5 15. Nbc5 Qe7 16. Nxb6 axb6 17. Nd3 Rad8 18. Nf4 Bg6 19. Rc1 Be4 20. Bf1 Nd5 21. Nd3 Qd7 22. Qb3 Re6 23. Nf4 Nxf4 24. Bxf4 Ne5 25. Bxe5 Rxe5 26. Qxb6 Bc6 27. Rc5 {Kozak,A (2434)-Lopusiewicz,P (2301) chess.com INT 2024 1-0 (56)}) 13. Bf4 Be6 14. Nbc5 Bd5 15. Nxb6 $146 ({RR} 15. Nxb7 Qe7 16. Nxb6 axb6 17. e4 dxe3 18. Rxe3 Qxb7 19. Bxd5 Rfd8 20. Rd3 Qa6 21. Bd6 Rxd6 22. Bxf7+ Kxf7 23. Rxd6 Ne5 24. Qb3+ Kg6 25. f4 Qc4 26. Qxc4 Nxc4 27. Rc6 Nxb2 28. Rxb6 Na4 29. Rc6 Kf5 {Kramnik,V (2753)-Sychev,K (2540) chess.com INT 2023 1-0 (47)}) ({RR} 15. Nxb7 Qe7 16. Nxb6 axb6 17. e4 dxe3 18. Rxe3 Qxb7 19. Bxd5 Rfd8 20. Rd3 Qa6 21. Bd6 Rxd6 22. Bxf7+ Kxf7 23. Rxd6 Ne5 24. Qb3+ Kg6 25. f4 Qc4 26. Qxc4 Nxc4 27. Rc6 Nxb2 28. Rxb6 Na4 29. Rc6 Kf5 {Kramnik,V (2753)-Sychev,K (2540) chess.com INT 2023 1-0 (47)}) 15... axb6 16. Nxb7 Qd7 17. e4 dxe3 18. Rxe3 Nb4 19. Nd6 Bxg2 20. Kxg2 Rad8 21. Rb3 Nbd5 22. Be5 Qe6 23. Qd4 Ng4 24. Rd1 Ne7 25. Bxg7 Nf5 26. Qf4 Nxg7 27. Rxb6 f5 28. h3 Ne5 29. Nc4 Qxc4 30. Rxd8 Rxd8 31. Qxe5 Rd1 32. Rb3 Qf1+ 33. Kf3 Qh1+ 34. Kf4 Rd5 0-1

[Event "45th Olympiad 2024"]
[Site "Budapest HUN"]
[Date "2024.09.21"]
[Round "10.21"]
[White "Cori, J."]
[Black "Vocaturo, D."]
[Result "1/2-1/2"]
[WhiteElo "2609"]
[BlackElo "2600"]
[PlyCount "76"]
[EventDate "2024.09.11"]
[WhiteTeam "Peru"]
[BlackTeam "Italy"]
[WhiteTeamCountry "PER"]
[BlackTeamCountry "ITA"]

1. c4 e6 2. Nc3 d5 3. d4 c5 4. cxd5 exd5 5. Nf3 Nc6 6. g3 Nf6 7. Bg2 Be7 8. O-O O-O 9. Bg5 c4 10. e3 Be6 11. Ne5 h6 12. Bxf6 Bxf6 13. f4 Bxe5 14. fxe5 ({RR} 14. dxe5 Qb6 15. f5 Qxe3+ 16. Kh1 Bc8 17. Nxd5 Qxe5 18. Qd2 Rd8 19. Rae1 Qd4 20. Qxd4 Nxd4 21. Ne7+ Kf8 22. Re4 Nb5 23. a4 Nd6 24. Re5 Bd7 25. a5 Re8 26. Rfe1 Rad8 27. g4 b5 28. axb6 axb6 {Yuffa,D (2572)-Mamedov,R (2703) St Petersburg 2018 ½-½ (54)}) ({RR} 14. dxe5 Qb6 15. f5 Qxe3+ 16. Kh1 Bc8 17. Nxd5 Qxe5 18. Qd2 Rd8 19. Rae1 Qd4 20. Qxd4 Nxd4 21. Ne7+ Kf8 22. Re4 Nb5 23. a4 Nd6 24. Re5 Bd7 25. a5 Re8 26. Rfe1 Rad8 27. g4 b5 28. axb6 axb6 {Yuffa,D (2572)-Mamedov,R (2703) St Petersburg 2018 ½-½ (54)}) 14... b5 ({RR} 14... Qg5 15. Rf4 Rad8 16. Qd2 f6 17. exf6 Rxf6 18. Raf1 Rxf4 19. Rxf4 Rf8 20. e4 Ne7 21. exd5 Bf5 22. d6 Ng6 23. Rf2 Qxd2 24. Rxd2 Rd8 25. Bxb7 Rxd6 26. Bd5+ Be6 27. Be4 Ne7 28. d5 Bd7 29. Rd4 {Perez Gormaz,M (2383)-Kotsyuba,V (2220) chess.com INT 2026 1-0 (77)}) ({RR} 14... Qg5 15. Rf4 Rad8 16. Qd2 f6 17. exf6 Rxf6 18. Raf1 Rxf4 19. Rxf4 Rf8 20. e4 Ne7 21. exd5 Bf5 22. d6 Ng6 23. Rf2 Qxd2 24. Rxd2 Rd8 25. Bxb7 Rxd6 26. Bd5+ Be6 27. Be4 Ne7 28. d5 Bd7 29. Rd4 {Perez Gormaz,M (2383)-Kotsyuba,V (2220) chess.com INT 2026 1-0 (77)}) 15. a3 Rb8 16. e4 $146 ({RR} 16. Qf3 Ne7 17. Rad1 f6 18. exf6 Rxf6 19. Qh5 Bf7 20. Qe2 Rxf1+ 21. Rxf1 a5 22. Qf3 Be6 23. e4 dxe4 24. Qxe4 Rb6 25. d5 Bf7 26. Re1 b4 27. Na4 Rb7 28. d6 Nd5 29. Nc5 Qb6 30. Qd4 Nf6 {Lazavik,D (2553)-Renjith,S (2118) chess.com INT 2023 1-0 (34)}) ({RR} 16. Qf3 Ne7 17. Rad1 f6 18. exf6 Rxf6 19. Qh5 Bf7 20. Qe2 Rxf1+ 21. Rxf1 a5 22. Qf3 Be6 23. e4 dxe4 24. Qxe4 Rb6 25. d5 Bf7 26. Re1 b4 27. Na4 Rb7 28. d6 Nd5 29. Nc5 Qb6 30. Qd4 Nf6 {Lazavik,D (2553)-Renjith,S (2118) chess.com INT 2023 1-0 (34)}) 16... Ne7 17. exd5 Nxd5 18. Qf3 Nxc3 19. bxc3 Qb6 20. Rab1 f6 21. Qe3 fxe5 22. Qxe5 Rxf1+ 23. Rxf1 Rf8 24. Rxf8+ Kxf8 25. Kf2 Kf7 26. Ke3 Bd7 27. Bd5+ Kf8 28. Be4 Qf6 29. h4 a6 30. Qc5+ Ke8 31. Qd5 Ke7 32. Qe5+ Kd8 33. Qb8+ Ke7 34. Qc7 Ke8 35. Qe5+ Kd8 36. Bf3 Qe7 37. Qxe7+ Kxe7 38. Be4 Kd6 1/2-1/2

[Event "45th Olympiad 2024"]
[Site "Budapest HUN"]
[Date "2024.09.22"]
[Round "11.6"]
[White "Tabatabaei, M."]
[Black "Sargsyan, Shant"]
[Result "1/2-1/2"]
[WhiteElo "2714"]
[BlackElo "2649"]
[PlyCount "101"]
[EventDate "2024.09.11"]
[WhiteTeam "Iran"]
[BlackTeam "Armenia"]
[WhiteTeamCountry "IRI"]
[BlackTeamCountry "ARM"]

1. c4 e6 2. Nc3 d5 3. d4 c5 4. cxd5 exd5 5. Nf3 Nc6 6. dxc5 d4 7. Na4 Bxc5 8. Nxc5 Qa5+ 9. Bd2 Qxc5 10. Rc1 Qb6 11. e3 Nf6 12. Qa4 O-O 13. Nxd4 Qxb2 14. Nxc6 bxc6 15. Qc2 Rb8 16. Bc4 Qxc2 17. Rxc2 Bf5 18. Rc1 Ne4 19. Ba5 Rb2 20. O-O Nd2 21. Bxd2 Rxd2 22. f3 $146 ({RR} 22. Bb3 Rc8 23. f3 c5 24. Rf2 Rd6 25. e4 Be6 26. Bxe6 fxe6 27. Rfc2 Ra6 28. Rxc5 Rxc5 29. Rxc5 Rxa2 30. Rc7 Kf8 31. h4 h5 32. Kh2 a5 33. Kh3 a4 34. g4 a3 35. Ra7 g6 36. Kg3 e5 {Lodici,L (2483)-Valsecchi,A (2519) Premium Chess Arena INT 2020 ½-½ (53)}) ({RR} 22. Bb3 Rc8 23. f3 c5 24. Rf2 Rd6 25. e4 Be6 26. Bxe6 fxe6 27. Rfc2 Ra6 28. Rxc5 Rxc5 29. Rxc5 Rxa2 30. Rc7 Kf8 31. h4 h5 32. Kh2 a5 33. Kh3 a4 34. g4 a3 35. Ra7 g6 36. Kg3 e5 {Lodici,L (2483)-Valsecchi,A (2519) Premium Chess Arena INT 2020 ½-½ (53)}) 22... Rfd8 23. Rfe1 Be6 24. Bxe6 fxe6 25. a4 Ra2 26. Ra1 Rdd2 27. Rxa2 Rxa2 28. Rc1 Rxa4 29. Rxc6 Kf7 30. Kf2 Ra2+ 31. Kg3 e5 32. e4 h6 33. h4 h5 34. Kh3 Ra3 35. Rc5 Kf6 36. Rc8 g6 37. Kh2 Ra2 38. Rc3 a5 39. Kh3 a4 40. Rc6+ Kf7 41. Ra6 Ra1 42. Kg3 a3 43. f4 Re1 44. Rxa3 Rxe4 45. Rf3 Rxf4 46. Rxf4+ exf4+ 47. Kxf4 Kf6 48. g4 hxg4 49. Kxg4 Kf7 50. h5 gxh5+ 51. Kxh5 1/2-1/2

[Event "Chess.com Classic Div 1 L"]
[Site "chess.com INT"]
[Date "2024.05.11"]
[Round "1.2"]
[White "Sarana, A."]
[Black "Firouzja, Alireza"]
[Result "1/2-1/2"]
[WhiteElo "2706"]
[BlackElo "2738"]
[PlyCount "114"]
[EventDate "2024.05.11"]
[EventType "k.o."]

1. d4 d5 2. c4 e6 3. Nc3 c5 4. cxd5 exd5 5. Nf3 Nc6 6. e3 Nf6 7. Be2 cxd4 8. Nxd4 Bd6 9. Ncb5 ({RR} 9. b3 Qa5 10. Bb2 Be5 11. O-O Bxd4 12. exd4 O-O 13. Rc1 Re8 14. Re1 Bf5 15. Na4 h6 16. a3 Rac8 17. Nc5 Qc7 18. b4 Qb8 19. f3 Re7 20. Bf1 b6 21. Na6 Rxe1 22. Qxe1 Qf4 23. Qg3 Qe3+ {Ding,L (2791)-Radjabov,T (2765) chess24.com INT 2020 ½-½}) ({RR} 9. Bf3 O-O 10. Ndb5 Be5 11. Nd4 Qe7 12. O-O Rd8 13. Qd3 Bg4 14. Nce2 Rac8 15. Bxg4 Nxg4 16. h3 Nf6 17. Bd2 Ne4 18. Bc3 Nxc3 19. bxc3 Na5 20. Rab1 a6 21. Rfd1 Qc7 22. Nf3 Bf6 23. Nf4 Qxc3 {Haydon,D (2304)-Cont,A (2094) England ENG 2026 1-0 (37)}) ({RR} 9. b3 Qa5 10. Bb2 Be5 11. O-O Bxd4 12. exd4 O-O 13. Rc1 Re8 14. Re1 Bf5 15. Na4 h6 16. a3 Rac8 17. Nc5 Qc7 18. b4 Qb8 19. f3 Re7 20. Bf1 b6 21. Na6 Rxe1 22. Qxe1 Qf4 23. Qg3 Qe3+ {Ding,L (2791)-Radjabov,T (2765) chess24.com INT 2020 ½-½}) ({RR} 9. Bf3 O-O 10. Ndb5 Be5 11. Nd4 Qe7 12. O-O Rd8 13. Qd3 Bg4 14. Nce2 Rac8 15. Bxg4 Nxg4 16. h3 Nf6 17. Bd2 Ne4 18. Bc3 Nxc3 19. bxc3 Na5 20. Rab1 a6 21. Rfd1 Qc7 22. Nf3 Bf6 23. Nf4 Qxc3 {Haydon,D (2304)-Cont,A (2094) England ENG 2026 1-0 (37)}) 9... Bb8 10. Bd2 O-O 11. Rc1 $146 ({RR} 11. Qc2 Ne5 12. Bb4 Re8 13. Rc1 Bg4 14. Bxg4 Nfxg4 15. Nf5 Qb6 16. a4 a6 17. Bc5 Qxc5 18. Qxc5 Nd3+ 19. Ke2 Nxc5 20. Rxc5 axb5 21. Ne7+ Kf8 22. Nxd5 bxa4 23. Ra1 Ne5 24. Rb5 Nc4 25. Rb4 b5 {Stotika,V (2330)-Potkin,V (2295) St Petersburg 1998 0-1 (44)}) ({RR} 11. Qc2 Ne5 12. Bb4 Re8 13. Rc1 Bg4 14. Bxg4 Nfxg4 15. Nf5 Qb6 16. a4 a6 17. Bc5 Qxc5 18. Qxc5 Nd3+ 19. Ke2 Nxc5 20. Rxc5 axb5 21. Ne7+ Kf8 22. Nxd5 bxa4 23. Ra1 Ne5 24. Rb5 Nc4 25. Rb4 b5 {Stotika,V (2330)-Potkin,V (2295) St Petersburg 1998 0-1 (44)}) 11... Bd7 12. Nxc6 bxc6 13. Nd4 Ne4 14. Bf3 Qh4 15. Bxe4 Qxe4 16. Qf3 Qg6 17. h3 Be5 18. O-O Bxd4 19. exd4 Rfe8 20. Rfe1 h6 21. Re3 Re4 22. Rxe4 Qxe4 23. Qxe4 dxe4 24. Rc5 Rb8 25. b3 Rb5 26. Rc4 a6 27. Ra4 Bc8 28. Rc4 Bd7 29. Ra4 Bc8 30. Kf1 g5 31. Rc4 Bd7 32. h4 f6 33. hxg5 hxg5 34. Ke2 Kf7 35. Ke3 f5 36. g3 Kg6 37. Bb4 Kh5 38. Bd6 Kg6 39. Ra4 Bc8 40. g4 fxg4 41. Kxe4 Rf5 42. Bg3 Rd5 43. Rb4 Bf5+ 44. Ke3 Rb5 45. Rc4 Bd7 46. Rc1 Rf5 47. Kd3 Kf7 48. Rh1 Kg7 49. Ke4 Be6 50. Rc1 Ra5 51. Be5+ Kf7 52. Ke3 Rxa2 53. Rxc6 Bxb3 54. Rc7+ Ke6 55. Rc6+ Kf7 56. Rc5 Ke6 57. Rc6+ Kf7 1/2-1/2

[Event "Chess.com Classic Div 1 L"]
[Site "chess.com INT"]
[Date "2024.05.13"]
[Round "4.2"]
[White "Keymer, Vincent"]
[Black "Firouzja, Alireza"]
[Result "0-1"]
[WhiteElo "2726"]
[BlackElo "2738"]
[PlyCount "68"]
[EventDate "2024.05.11"]
[EventType "k.o."]

1. c4 e6 2. Nc3 d5 3. d4 c5 4. cxd5 exd5 5. Nf3 Nc6 6. e3 Nf6 7. Bb5 cxd4 8. Nxd4 Bd7 9. O-O Bd6 10. Nf3 a6 11. Be2 Bg4 12. h3 Bh5 13. b3 O-O 14. Bb2 Re8 15. Nh4 Bg6 16. Nxg6 hxg6 17. Bf3 Be5 18. Rb1 d4 19. exd4 Nxd4 20. Bxb7 Ra7 21. Bf3 Rd7 22. Na4 Qa5 $146 ({RR} 22... Bb8 23. Bxd4 Rxd4 24. Qc2 Qd6 25. g3 Ba7 26. Qc6 Qxc6 27. Bxc6 Re2 28. Rb2 Rxb2 29. Nxb2 Rd2 30. Nc4 Rxa2 31. Ne5 Rb2 32. Kg2 Rxb3 33. Rd1 Bb6 34. Nc4 Rc3 35. Nxb6 Rxc6 36. Rd8+ Kh7 37. Nd7 {Carlsen,M (2832)-Grischuk,A (2750) Chess.com INT 2017 ½-½ (56)}) ({RR} 22... Bb8 23. Bxd4 Rxd4 24. Qc2 Qd6 25. g3 Ba7 26. Qc6 Qxc6 27. Bxc6 Re2 28. Rb2 Rxb2 29. Nxb2 Rd2 30. Nc4 Rxa2 31. Ne5 Rb2 32. Kg2 Rxb3 33. Rd1 Bb6 34. Nc4 Rc3 35. Nxb6 Rxc6 36. Rd8+ Kh7 37. Nd7 {Carlsen,M (2832)-Grischuk,A (2750) Chess.com INT 2017 ½-½ (56)}) 23. Kh1 Nxf3 24. Qxf3 Bxb2 25. Rxb2 Re1 26. Rb1 Rxb1 27. Rxb1 Rd2 28. a3 Qe5 29. Rd1 Ra2 30. Nc3 Rxa3 31. g3 Rxb3 32. Rd8+ Kh7 33. Qa8 g5 34. Rh8+ Kg6 0-1

[Event "Chess.com Classic Play-In"]
[Site "chess.com INT"]
[Date "2024.05.08"]
[Round "7.43"]
[White "Svane, R."]
[Black "Volokitin, And"]
[Result "1/2-1/2"]
[WhiteElo "2635"]
[BlackElo "2667"]
[PlyCount "80"]
[EventDate "2024.05.08"]

1. Nf3 c5 2. c4 Nf6 3. Nc3 Nc6 4. e3 e6 5. d4 d5 6. cxd5 exd5 7. Bb5 cxd4 8. Nxd4 Bd7 9. O-O Bd6 10. Nf3 Be6 11. b3 O-O 12. Bb2 Qe7 13. Rc1 Rad8 14. Ne2 Bg4 15. Bxc6 bxc6 16. Ned4 Bxf3 17. gxf3 c5 18. Nf5 Qe6 19. Nxd6 $146 ({RR} 19. Qc2 Rc8 20. Kh1 Rfd8 21. Rg1 Bf8 22. Nh6+ Kh8 23. Qf5 Rd7 24. Bxf6 Qxf5 25. Nxf5 gxf6 26. Rg4 c4 27. Rcg1 Ba3 28. Nh6 {1-0 (28) Smirnov,P (2544)-Baches Garcia,G (2329) Chess.com INT 2022}) ({RR} 19. Qc2 Rc8 20. Kh1 Rfd8 21. Rg1 Bf8 22. Nh6+ Kh8 23. Qf5 Rd7 24. Bxf6 Qxf5 25. Nxf5 gxf6 26. Rg4 c4 27. Rcg1 Ba3 28. Nh6 {1-0 (28) Smirnov,P (2544)-Baches Garcia,G (2329) Chess.com INT 2022}) 19... Qxd6 20. Bxf6 Qxf6 21. Rxc5 d4 22. Qd3 Qxf3 23. Qf5 Qe2 24. Rc2 Qa6 25. Rd2 dxe3 26. Rxd8 Rxd8 27. fxe3 Qb7 28. Qf3 Qe7 29. Rf2 g6 30. h3 Kg7 31. Kg2 Rd3 32. Re2 Rd1 33. Rf2 Qg5+ 34. Qg4 Qd5+ 35. e4 Qd4 36. Qf4 f6 37. Qc7+ Kh6 38. Qf4+ Kg7 39. Qc7+ Kh6 40. Qf4+ Kg7 1/2-1/2

[Event "Titled Tue 19th Mar Early"]
[Site "chess.com INT"]
[Date "2024.03.19"]
[Round "9"]
[White "Sarana, A."]
[Black "Tari, A."]
[Result "1-0"]
[WhiteElo "2699"]
[BlackElo "2631"]
[PlyCount "77"]
[EventDate "2024.03.19"]

1. d4 d5 2. c4 e6 3. Nc3 c5 4. dxc5 d4 5. Na4 Nc6 6. Nf3 e5 7. e3 Nf6 8. exd4 exd4 ({RR} 8... e4 9. d5 exf3 10. dxc6 Qxd1+ 11. Kxd1 Bg4 12. Kc2 bxc6 13. Rg1 O-O-O 14. Bd3 fxg2 15. Rxg2 Bd1+ 16. Kxd1 Rxd3+ 17. Kc2 Rd4 18. b3 Rg4 19. Rg3 h5 20. Be3 Ne4 21. Rf3 f6 22. h3 Rg2 23. b4 {Robson,R (2659)-Liang,A (2696) Charlotte USA 2026 1-0 (35)}) ({RR} 8... e4 9. d5 exf3 10. dxc6 Qxd1+ 11. Kxd1 Bg4 12. Kc2 bxc6 13. Rg1 O-O-O 14. Bd3 fxg2 15. Rxg2 Bd1+ 16. Kxd1 Rxd3+ 17. Kc2 Rd4 18. b3 Rg4 19. Rg3 h5 20. Be3 Ne4 21. Rf3 f6 22. h3 Rg2 23. b4 {Robson,R (2659)-Liang,A (2696) Charlotte USA 2026 1-0 (35)}) 9. Be2 ({RR} 9. Bd3 Bxc5 10. Nxc5 Qa5+ 11. Qd2 Qxc5 12. O-O O-O 13. h3 Re8 14. a3 Qh5 15. Qf4 Bd7 16. b4 Ne5 17. Nxe5 Qxe5 18. Qxe5 Rxe5 19. Bb2 Rg5 20. Kh2 Rd8 21. Rad1 Bc6 22. f3 Ba4 23. Rde1 Nh5 {Erigaisi,A (2775)-Mamedov,R (2645) Doha QAT 2025 1-0}) ({RR} 9. Bd3 Bxc5 10. Nxc5 Qa5+ 11. Qd2 Qxc5 12. O-O O-O 13. h3 Re8 14. a3 Qh5 15. Qf4 Bd7 16. b4 Ne5 17. Nxe5 Qxe5 18. Qxe5 Rxe5 19. Bb2 Rg5 20. Kh2 Rd8 21. Rad1 Bc6 22. f3 Ba4 23. Rde1 Nh5 {Erigaisi,A (2775)-Mamedov,R (2645) Doha QAT 2025 1-0}) 9... Bxc5 $146 ({RR} 9... Bf5 10. O-O d3 11. Qb3 dxe2 12. Re1 Qc7 13. Rxe2+ Be7 14. Nc3 O-O 15. Nd5 Nxd5 16. cxd5 Na5 17. Qc3 Qxc5 18. Bd2 Qxc3 19. Bxc3 Bd8 20. Bb4 Nc4 21. Bxf8 Kxf8 22. Rc1 Nd6 23. Nd4 Bd7 24. Nb3 {Sarana,A (2669)-Olsen,F (2416) chess.com INT 2023 0-1 (99)}) ({RR} 9... Bf5 10. O-O d3 11. Qb3 dxe2 12. Re1 Qc7 13. Rxe2+ Be7 14. Nc3 O-O 15. Nd5 Nxd5 16. cxd5 Na5 17. Qc3 Qxc5 18. Bd2 Qxc3 19. Bxc3 Bd8 20. Bb4 Nc4 21. Bxf8 Kxf8 22. Rc1 Nd6 23. Nd4 Bd7 24. Nb3 {Sarana,A (2669)-Olsen,F (2416) chess.com INT 2023 0-1 (99)}) 10. Nxc5 Qa5+ 11. Bd2 Qxc5 12. O-O O-O 13. Qb3 Bf5 14. Qb5 Ne4 15. Qxc5 Nxc5 16. Rfd1 Bc2 17. Rdc1 Rfe8 18. Bf1 Bd3 19. b4 Bxf1 20. Kxf1 Nd3 21. Rcb1 Nce5 22. Rb3 Rac8 23. c5 b6 24. cxb6 axb6 25. Nxd4 Rc4 26. Nf3 Rc2 27. Be3 Nxf3 28. gxf3 Ne5 29. Bxb6 Nc4 30. Be3 f5 31. a4 f4 32. Bxf4 Ree2 33. Bg3 Re6 34. Rd3 Rb2 35. b5 Nd2+ 36. Kg2 Nb3 37. Ra3 Nc5 38. Rd8+ Kf7 39. Rd5 1-0